000 03154nam a2200565Ia 4500
001 51
008 241029s9999 xx 000 0 und d
010 _a42
041 _aEspañol
082 _aMLLE -011
245 0 _aImplicaciones de las estrategias metodológicas de los docentes en el proceso de producción textos narrativos (Autobiográficos) de los estudiantes del Politécnico Altagracia Iglesias de Lora, del Primer Ciclo del Nivel Medio del Distrito 08-05 de Santiago 2011
260 _aSantiago
300 _a79
520 _a5
630 _aCompetencia Lingüística
630 _aDocentes
630 _aEstrategia Metodológica
630 _aProducción Escrita
650 _aLengua Española
690 _aCopiado sin cambios
700 _easesor
_aPadua , Alejando Alonzo
700 _eautor
_aDe León Zapata, Lilian Esther
700 _eautor
_aEstrella Núñez , Carmen Jaqueline
901 _a{"1":"De León Zapata","2":"Estrella Núñez "}
_b{"1":"Lilian Esther","2":"Carmen Jaqueline"}
902 _a1
903 _a{"1":"Padua "}
_b{"1":"Alejando Alonzo"}
904 _aMagíster en
905 _aLingüística Aplicada
906 _a1
907 _aOrientada en
908 _aEspañol
909 _aISFODOSU, Recinto Luís Napoleón Núñez Molina
910 _aNULL
_bNULL
911 _a["1"]
912 _aNO APLICA
913 _aNULL
914 _a01 de Septiembre de 2012
915 _a20/07/15 09:07
916 _aNULL
917 _aNULL
918 _aNO APLICA
919 _a["37","70","95","166"]
520 _aEl estudio abordó las Implicaciones de las Estrategias Metodológicas de los Docentes en el Proceso de Producción Textos Narrativos (Autobiográficos) de los Estudiantes del Politécnico Altagracia Iglesias de Lora del Primer Ciclo del Nivel Medio del Distrito 08-05 de Santiago 2011.La importancia de realizar este estudio se fundamentó en que  a partir del análisis y desglose de las vivencias del ser humano pueden ser analizados y desarrollados todos los temas relativos a lengua española y demás áreas.La metodología utilizada en esta investigación fue de campo y correlacional. Se realizaron todas las acciones que permitieron corroborar la teoría y demostrar que son datos precisos y concretos la realidad de la misma.Los hallazgos encontrados fueron el reconocimiento del manejo de los componentes estructurales de un texto narrativo autobiográfico por medio de la verificación  en la producción de estudiantes del Nivel Medio del Politécnico Altagracia Iglesias de Lora, donde los estudiantes relacionan a veces el titulo con el tema que aborda, impidiendo que la mayoría de las producciones muestren discrepancias significativa entre lo que desarrollaba y el titulo.La poca aplicación de los adjetivos en lo relacionado con los elementos de la narración, por lo que aísla el trasfondo quedando dicho texto incompleto, provocando así que en la estructura mental exista un vació de lo que se pretende dar a conocer.  
921 _a11
922 _a11
923 _a0
924 _aNO APLICA
942 _cTesis
999 _c42
_d42